[Event "Titled Tuesday intern op 01st Aug Late"]
[Site "Chess.com INT"]
[Date "2023.08.01"]
[Round "1"]
[White "Hamley, Ryan"]
[Black "Shtembuliak, Evgeny"]
[Result "0-1"]
[WhiteElo "2091"]
[BlackElo "2620"]
[PlyCount "128"]
[EventDate "2023.08.01"]
[EventType "swiss (blitz)"]
[EventRounds "11"]
[EventCountry "USA"]
[SourceTitle "EXT 2024"]
[Source "ChessBase"]
[SourceDate "2023.10.10"]
[SourceVersion "1"]
[SourceVersionDate "2023.10.10"]
[SourceQuality "1"]

1. d4 Nf6 2. c4 d6 3. Nc3 Bf5 4. g3 e5 5. Bg2 c6 6. Nf3 Nbd7 7. 0-0 h6 8. Re1 e4 9. Nd2 d5 10. b3 Be7 11. Bb2 0-0 12. Nf1 Nb6 13. Ne3 Be6 14. cxd5 cxd5 15. Rc1 Ng4 16. Nxg4 Bxg4 17. f3 exf3 18. exf3 Be6 19. Qd3 Bf6 20. Nb5 Rc8 21. Ba3 Rxc1 22. Rxc1 Re8 23. Nc7 Be7 24. Nxe6 fxe6 25. Bc5 Nd7 26. Bxe7 Rxe7 27. Bh3 Nf8 28. Re1 Qd6 29. Re5 Rc7 30. Qd2 Qc6 31. Kf2 b6 32. f4 g6 33. Qe2 Kf7 34. Qd2 Qc1 35. Re2 Qh1 36. Bg2 Qxh2 37. Re1 Qh5 38. Qe3 Rc2+ 39. Kg1 Qf5 40. Re2 Rxe2 41. Qxe2 g5 42. fxg5 Qxg5 43. Qf2+ Kg7 44. Qc2 Qxg3 45. Qc6 Qe1+ 46. Kh2 Qh4+ 47. Kg1 Qxd4+ 48. Kh2 Qe5+ 49. Kh1 Ng6 50. Qb7+ Kf6 51. Qxa7 Qe1+ 52. Kh2 Qh4+ 53. Kg1 Qd4+ 54. Kh1 Nf4 55. Qb8 Qd1+ 56. Kh2 Qh5+ 57. Kg1 Qg5 58. Qd8+ Ke5 59. Qb8+ Kf6 60. Qf8+ Kg6 61. Qe8+ Kg7 62. Qd7+ Kg6 63. Qe8+ Kf5 64. Qf8+ Kg4 0-1

[Event "Titled Tuesday intern op 23rd May Early"]
[Site "Chess.com INT"]
[Date "2023.05.23"]
[Round "6"]
[White "Hamley, Ryan"]
[Black "Wagner, Dennis"]
[Result "0-1"]
[WhiteElo "2092"]
[BlackElo "2595"]
[PlyCount "60"]
[EventDate "2023.05.23"]
[EventType "swiss (blitz)"]
[EventRounds "11"]
[EventCountry "USA"]
[SourceTitle "CBM 214 Extra"]
[Source "ChessBase"]
[SourceDate "2023.07.31"]
[SourceVersion "1"]
[SourceVersionDate "2023.07.31"]
[SourceQuality "1"]

1. e4 c5 2. Nf3 e6 3. c3 d5 4. e5 Nc6 5. d4 Bd7 6. Bd3 cxd4 7. cxd4 Qb6 8. Be2 Nh6 9. Bxh6 Qxb2 10. Bd2 Qxa1 11. Qb3 Nxd4 12. Nxd4 Qxd4 13. Qxb7 Rd8 14. 0-0 Qxe5 15. Re1 Bd6 16. g3 0-0 17. Bf4 Bc8 18. Qxa7 Qb2 19. Be3 Bb4 20. Bd4 Qc2 21. Nc3 Bxc3 22. Qc7 Qxe2 23. Qxc3 Qg4 24. Kg2 Bb7 25. h3 Qg6 26. Re5 Rc8 27. Qe3 Rc4 28. h4 h6 29. h5 Qg4 30. f3 Qxd4 0-1

[Event "Titled Tuesday intern op 23rd May Early"]
[Site "Chess.com INT"]
[Date "2023.05.23"]
[Round "8"]
[White "Peczely, Sebastian Zsombor"]
[Black "Hamley, Ryan"]
[Result "1-0"]
[WhiteElo "2339"]
[BlackElo "2092"]
[PlyCount "79"]
[EventDate "2023.05.23"]
[EventType "swiss (blitz)"]
[EventRounds "11"]
[EventCountry "USA"]
[SourceTitle "CBM 214 Extra"]
[Source "ChessBase"]
[SourceDate "2023.07.31"]
[SourceVersion "1"]
[SourceVersionDate "2023.07.31"]
[SourceQuality "1"]

1. e4 d6 2. d4 Nf6 3. Nc3 c6 4. Bg5 Nbd7 5. Qd2 e5 6. Nf3 Be7 7. 0-0-0 Qc7 8. Rg1 0-0 9. g4 b5 10. Bxf6 Nxf6 11. g5 Nh5 12. h4 a5 13. Ne2 Be6 14. Kb1 Rfd8 15. Ng3 Nf4 16. Ne2 Nxe2 17. Bxe2 d5 18. exd5 Bxd5 19. Nxe5 c5 20. Bxb5 cxd4 21. Nd3 a4 22. Nf4 Rab8 23. Nxd5 Rxd5 24. Bxa4 Bb4 25. Qd3 Qf4 26. Bb3 Rd6 27. Qg3 Qxg3 28. Rxg3 Re8 29. Rf3 Rd7 30. c3 Bc5 31. cxd4 Red8 32. dxc5 Rxd1+ 33. Bxd1 Rxd1+ 34. Kc2 Rd8 35. c6 Kf8 36. c7 Rb8 37. Rc3 Rc8 38. b4 Ke7 39. b5 Kd6 40. b6 1-0

[Event "Titled Tuesday intern op 23rd May Early"]
[Site "Chess.com INT"]
[Date "2023.05.23"]
[Round "4"]
[White "Sovetbekova, Nurai"]
[Black "Hamley, Ryan"]
[Result "0-1"]
[WhiteElo "1764"]
[BlackElo "2092"]
[PlyCount "92"]
[EventDate "2023.05.23"]
[EventType "swiss (blitz)"]
[EventRounds "11"]
[EventCountry "USA"]
[SourceTitle "CBM 214 Extra"]
[Source "ChessBase"]
[SourceDate "2023.07.31"]
[SourceVersion "1"]
[SourceVersionDate "2023.07.31"]
[SourceQuality "1"]

1. d4 Nf6 2. c4 g6 3. Nc3 Bg7 4. e4 d6 5. Nf3 0-0 6. Be2 Nbd7 7. 0-0 e5 8. Be3 Qe7 9. Qc2 c6 10. Rad1 a5 11. b3 Ng4 12. Bg5 Ngf6 13. Rfe1 h6 14. Bh4 g5 15. Bg3 Nh5 16. dxe5 dxe5 17. Nd2 Nf4 18. Bg4 Nc5 19. Bxc8 Raxc8 20. Nf1 Rfd8 21. Ne3 Qe6 22. Bxf4 exf4 23. Nf5 Be5 24. Ne2 Kh7 25. Ned4 Qf6 26. Nf3 Ne6 27. Rxd8 Rxd8 28. Rd1 Rxd1+ 29. Qxd1 Ng7 30. Nxg7 Kxg7 31. Qd7 Bd6 32. h3 Qe7 33. Qf5 Qe6 34. Qxa5 Qxe4 35. Qb6 Qe7 36. Qa5 Bc5 37. Qc3+ Kg8 38. Qc2 Qf6 39. a4 h5 40. Qe2 g4 41. Nd2 f3 42. gxf3 gxh3 43. f4 Qg6+ 44. Kf1 Qg2+ 45. Ke1 h2 46. Qe8+ Bf8 0-1

[Event "Space Coast op 28th"]
[Site "Cape Canaveral"]
[Date "2023.05.20"]
[Round "2"]
[White "Hamley, Ryan"]
[Black "Leon Oquendo, Jorge L"]
[Result "0-1"]
[WhiteElo "2092"]
[BlackElo "2359"]
[PlyCount "91"]
[EventDate "2023.05.19"]
[EventType "swiss"]
[EventRounds "5"]
[EventCountry "USA"]
[SourceTitle "EXT 2024"]
[Source "ChessBase"]
[SourceDate "2023.10.10"]
[SourceVersion "1"]
[SourceVersionDate "2023.10.10"]
[SourceQuality "1"]

1. d4 Nf6 2. c4 e6 3. Nf3 d5 4. g3 Be7 5. Bg2 0-0 6. 0-0 Nbd7 7. Qc2 b6 8. Nc3 Bb7 9. cxd5 Nxd5 10. e4 Nxc3 11. bxc3 c5 12. Bf4 cxd4 13. cxd4 Rc8 14. Qe2 Nf6 15. d5 exd5 16. exd5 Nxd5 17. Be5 Bf6 18. Rad1 Qe7 19. Qb2 Nc3 20. Rde1 Bxe5 21. Rxe5 Qf6 22. Re3 Rfe8 23. Rfe1 Rxe3 24. Rxe3 g6 25. h4 Kg7 26. h5 Nd5 27. h6+ Kxh6 28. Qxf6 Nxf6 29. Re7 Rc1+ 30. Ne1 Be4 31. f3 Rxe1+ 32. Kf2 Ra1 33. fxe4 Rxa2+ 34. Kf3 Ra3+ 35. Ke2 Ng4 36. Bh1 Kg5 37. e5 h5 38. Bc6 Re3+ 39. Kd2 Rxg3 40. Be8 Re3 41. Bxf7 Rxe5 42. Rxa7 h4 43. Ra3 Nf2 44. Rb3 b5 45. Rf3 Rf5 46. Ke1 0-1

[Event "Titled Tuesday intern op 16th May Early"]
[Site "Chess.com INT"]
[Date "2023.05.16"]
[Round "2"]
[White "Ciuffoletti, Paolo"]
[Black "Hamley, Ryan"]
[Result "0-1"]
[WhiteElo "2106"]
[BlackElo "2092"]
[PlyCount "58"]
[EventDate "2023.05.16"]
[EventType "swiss (blitz)"]
[EventRounds "11"]
[EventCountry "USA"]
[SourceTitle "CBM 214 Extra"]
[Source "ChessBase"]
[SourceDate "2023.07.31"]
[SourceVersion "1"]
[SourceVersionDate "2023.07.31"]
[SourceQuality "1"]

1. e4 g6 2. d4 Bg7 3. Nc3 c6 4. f4 d5 5. e5 h5 6. Nf3 Bg4 7. Bd3 e6 8. Be3 Ne7 9. h3 Bxf3 10. Qxf3 h4 11. Ne2 a6 12. c3 Nd7 13. g4 hxg3 14. Nxg3 Nf5 15. Nxf5 gxf5 16. 0-0-0 Qc7 17. Rdg1 Bh6 18. Rg2 0-0-0 19. Kb1 c5 20. Rc1 c4 21. Bf1 Nf8 22. b3 b5 23. Rb2 Ng6 24. bxc4 bxc4 25. Bxc4 Qxc4 26. Rb4 Qd3+ 27. Ka1 Bxf4 28. c4 Qxe3 29. cxd5+ Qxc1+ 0-1

[Event "Titled Tuesday intern op 17th Jan Early"]
[Site "Chess.com INT"]
[Date "2023.01.17"]
[Round "7"]
[White "Gutkin, Ilya"]
[Black "Hamley, Ryan"]
[Result "0-1"]
[WhiteElo "2245"]
[BlackElo "2080"]
[PlyCount "74"]
[EventDate "2023.01.17"]
[EventType "swiss (blitz)"]
[EventRounds "11"]
[EventCountry "USA"]
[SourceTitle "CBM 212 Extra"]
[Source "ChessBase"]
[SourceDate "2023.03.31"]
[SourceVersion "1"]
[SourceVersionDate "2023.03.31"]
[SourceQuality "1"]

1. e4 e5 2. Nf3 Nc6 3. Bb5 a6 4. Bxc6 dxc6 5. Nc3 Bd6 6. d4 exd4 7. Qxd4 f6 8. Be3 Qe7 9. 0-0-0 Nh6 10. Bxh6 gxh6 11. Qd2 h5 12. Nh4 Be6 13. Nf5 Bxf5 14. exf5 0-0-0 15. Rhe1 Qg7 16. Qe3 Kb8 17. g3 Qg4 18. Qe4 Qg5+ 19. f4 Qg4 20. a3 h4 21. Rd3 hxg3 22. hxg3 h5 23. Kb1 h4 24. gxh4 Rxh4 25. Rf1 Rh5 26. Qe2 Qxe2 27. Nxe2 Rxf5 28. Ng3 Rd5 29. Nh5 Rxh5 30. f5 Re8 31. Rd2 Be5 32. Rg2 Rh2 33. Rxh2 Bxh2 34. Rh1 Be5 35. Rh7 Rg8 36. c3 Rg5 37. Rh8+ Ka7 0-1